LIBRARY ONLINE CATALOGUE

Merriam Webster's collegiate thesaurus. (Record no. 15303)

MARC details
000 -LEADER
fixed length control field 00620nam a22001932 4500
001 - CONTROL NUMBER
control field 0000025038
005 - DATE AND TIME OF LATEST TRANSACTION
control field 20151217161203.0
008 - FIXED-LENGTH DATA ELEMENTS--GENERAL INFORMATION
fixed length control field 141026s xx 000 0 eng d
020 ## - INTERNATIONAL STANDARD BOOK NUMBER
International Standard Book Number 0877791694 :
040 ## - CATALOGING SOURCE
Original cataloging agency KABU
Transcribing agency KABU
100 1# - MAIN ENTRY--PERSONAL NAME
Personal name Merriam-Webster.
-- 0000185421
245 10 - TITLE STATEMENT
Title Merriam Webster's collegiate thesaurus.
260 ## - PUBLICATION, DISTRIBUTION, ETC. (IMPRINT)
Place of publication, distribution, etc. Springfield, Massachusetts :
Name of publisher, distributor, etc. Merriam-Webster, Incorporated,
Date of publication, distribution, etc. 1993.
300 ## - PHYSICAL DESCRIPTION
Extent 1 vol. (various pagings) ;
650 #0 - SUBJECT ADDED ENTRY--TOPICAL TERM
Topical term or geographic name as entry element English language
General subdivision Synonyms and antonyms.
-- 0000148333
908 ## - PUT COMMAND PARAMETER (RLIN)
Put command parameter 141026
950 ## - LOCAL HOLDINGS (RLIN)
-- 1
Holdings
Withdrawn status Lost status Source of classification or shelving scheme Not for loan Home library Current library Date acquired Total Checkouts Full call number Barcode Date last seen Price effective from Koha item type
    Library of Congress Classification Not For Loan Kabarak, Main Campus Kabarak, Main Campus 17/12/2015   PE1591 .W43 1993 c. 1 017177 17/12/2015 17/12/2015 Reference